[Event "CYCC U16 w"]
[Site "Kapuskasing CAN"]
[Date "2003.07.07"]
[Round "2"]
[White "Cheng, Andrea"]
[Black "Kazakevich, Anastasia"]
[Result "0-1"]
[WhiteElo "1216"]
[BlackElo "1794"]
[PlyCount "72"]
[EventDate "2003.07.07"]
[EventType "swiss"]
[EventRounds "6"]
[EventCountry "CAN"]

1. d4 d5 2. c4 e6 3. cxd5 exd5 4. Nc3 c6 5. f3 Nf6 6. Bg5 Be7 7. Bxf6 Bxf6 8.
e3 Qe7 9. Qd2 O-O 10. Bd3 Re8 11. Kf2 Nd7 12. Re1 Nb6 13. b3 Be6 14. g3 Qd7 15.
h4 h5 16. Bf1 Be7 17. Bh3 Bd6 18. Bxe6 Rxe6 19. e4 dxe4 20. Rxe4 Bb4 21. Rxe6
Qxe6 22. Nge2 Nd5 23. Qc1 Re8 24. Nxd5 Qxe2+ 25. Kg1 cxd5 26. Rh2 Qe1+ 27. Qxe1
Rxe1+ 28. Kg2 Re2+ 29. Kh3 Rxh2+ 30. Kxh2 Bc3 31. Kh3 Bxd4 32. g4 hxg4+ 33.
Kxg4 Be3 34. f4 d4 35. Kf3 f5 36. h5 Kh7 0-1

[Event "CYCC U16 w"]
[Site "Kapuskasing CAN"]
[Date "2003.07.08"]
[Round "3"]
[White "Mignault, Dominik"]
[Black "Aliev, Inara"]
[Result "1/2-1/2"]
[WhiteElo "1290"]
[BlackElo "1428"]
[PlyCount "82"]
[EventDate "2003.07.07"]
[EventType "swiss"]
[EventRounds "6"]
[EventCountry "CAN"]
[Source "CFC"]
[SourceDate "2003.08.??"]

1. e4 e5 2. Nf3 Nc6 3. Bc4 Nf6 4. Ng5 d5 5. exd5 Nd4 6. Nc3 h6 7. Nge4 Nxe4 8.
Nxe4 Bf5 9. d3 b5 10. Bb3 Nxb3 11. axb3 Qxd5 12. Qf3 Be6 13. c4 Bb4+ 14. Ke2
Qd8 15. Qg3 Kf8 16. Qxe5 Qd7 17. Nc5 Bxc5 18. Qxc5+ Qe7 19. Qxe7+ Kxe7 20. Be3
a6 21. Ra5 Rhb8 22. Bd4 g6 23. Rha1 Bc8 24. cxb5 Bb7 25. bxa6 Bxg2 26. R5a3 Bd5
27. Bc5+ Kd7 28. b4 Re8+ 29. Kd2 Re6 30. b5 Rb8 31. b4 Rxb5 32. a7 Ba8 33. d4
c6 34. Kd3 Rf6 35. R1a2 Rf3+ 36. Kc4 Rxa3 37. Rxa3 Rb7 38. Rb3 Ke6 39. b5 cxb5+
40. Rxb5 Rxb5 41. Kxb5 f5 1/2-1/2

[Event "CYCC U16 w"]
[Site "Kapuskasing CAN"]
[Date "2003.07.09"]
[Round "5"]
[White "Kazakevitch, Alina"]
[Black "Cheng, Andrea"]
[Result "1-0"]
[WhiteElo "1794"]
[BlackElo "1216"]
[PlyCount "81"]
[EventDate "2003.07.07"]
[EventType "swiss"]
[EventRounds "6"]
[EventCountry "CAN"]
[Source "CFC"]
[SourceDate "2003.08.??"]

1. d4 g6 2. c4 d6 3. Nc3 Bg7 4. e4 Nc6 5. Be3 e5 6. d5 Nd4 7. f3 c5 8. dxc6
bxc6 9. Nge2 c5 10. Nd5 Qd7 11. Nec3 Ne7 12. Bg5 Nxd5 13. Nxd5 O-O 14. Bd3 Rb8
15. b3 Bb7 16. Nf6+ Bxf6 17. Bxf6 Qe6 18. Bh4 Kg7 19. O-O Bc6 20. Qd2 h6 21.
Bg3 Rh8 22. Rae1 Rbd8 23. f4 exf4 24. Rxf4 h5 25. Bh4 Rd7 26. Bf6+ Qxf6 27.
Rxf6 Kxf6 28. Qf4+ Kg7 29. Rf1 Rf8 30. Qf6+ Kg8 31. e5 dxe5 32. Bxg6 fxg6 33.
Qxf8+ Kh7 34. Rf7+ Rxf7 35. Qxf7+ Kh6 36. Qf8+ Kg5 37. Qxc5 Kf4 38. Qxa7 g5 39.
Qf7+ Kg4 40. h3+ Kg3 41. Qf2# 1-0

[Event "CYCC U18"]
[Site "Kapuskasing CAN"]
[Date "2003.07.07"]
[Round "1"]
[White "Cooke, Matthew"]
[Black "Henry, Liam"]
[Result "0-1"]
[WhiteElo "1975"]
[BlackElo "1985"]
[PlyCount "111"]
[EventDate "2003.07.07"]
[EventType "tourn"]
[EventRounds "7"]
[EventCountry "CAN"]

1. d4 Nf6 2. c4 g6 3. Nc3 Bg7 4. g3 O-O 5. Bg2 d6 6. Nf3 c6 7. O-O Nbd7 8. Ne1
e5 9. d5 c5 10. Nd3 Qe7 11. e4 Ne8 12. h4 f5 13. Bg5 Bf6 14. Bxf6 Ndxf6 15.
exf5 gxf5 16. Qd2 Kh8 17. Rae1 Rg8 18. Nf4 Qg7 19. Nh3 f4 20. Nxf4 exf4 21.
Qxf4 Qg4 22. Qxg4 Bxg4 23. Re7 Rg7 24. Rfe1 Rxe7 25. Rxe7 Bd7 26. g4 Bxg4 27.
Rxb7 Bc8 28. Re7 Kg8 29. Nb5 Bd7 30. Nc3 Kf8 31. Re3 Ng7 32. b3 Re8 33. Rxe8+
Kxe8 34. a3 a5 35. Na2 Nf5 36. b4 axb4 37. axb4 cxb4 38. Nxb4 Nxh4 39. Bh1 Bg4
40. Na6 Nd7 41. Kf1 Bf3 42. Nc7+ Ke7 43. Bxf3 Nxf3 44. Nb5 Nfe5 45. Kg2 Nxc4
46. Kg3 Nf6 47. Kf4 Nxd5+ 48. Kg5 Nf6 49. f4 d5 50. Nd4 Nd6 51. Kh6 Nde4 52.
Kg7 Kd6 53. Kf7 Kc5 54. Ne6+ Kc4 55. Ng5 Nxg5+ 56. fxg5 0-1

[Event "CYCC U18"]
[Site "Kapuskasing CAN"]
[Date "2003.07.07"]
[Round "1"]
[White "Goodchild, Andrew"]
[Black "Von Keitz, Michael"]
[Result "1-0"]
[WhiteElo "1317"]
[BlackElo "1566"]
[PlyCount "96"]
[EventDate "2003.07.07"]
[EventType "tourn"]
[EventRounds "7"]
[EventCountry "CAN"]

1. Nf3 d5 2. d4 e6 3. Bf4 Nf6 4. e3 c5 5. b3 Nc6 6. a3 Qa5+ 7. Qd2 Qxd2+ 8.
Nbxd2 Be7 9. Bd3 O-O 10. O-O b6 11. Ne5 Bb7 12. Nxc6 Bxc6 13. f3 Rfd8 14. c3
Nd7 15. e4 cxd4 16. cxd4 dxe4 17. Bxe4 Bxe4 18. fxe4 Nf6 19. Bg5 Rxd4 20. e5
Nd5 21. Nf3 Rd3 22. Bxe7 Nxe7 23. Rac1 Rxb3 24. Rc7 Nd5 25. Rd7 Rxa3 26. Ng5
Rf8 27. Nxf7 Ne3 28. Nh6+ gxh6 29. Rxf8+ Kxf8 30. Rxh7 Ng4 31. g3 Nxe5 32. Rxh6
Ra1+ 33. Kg2 Kf7 34. h4 Ng4 35. Rh7+ Kf6 36. Kf3 Ne5+ 37. Ke4 a5 38. Rh6+ Kg7
39. Rxe6 Nc4 40. Kd4 b5 41. Kc5 Rb1 42. g4 a4 43. h5 a3 44. h6+ Kh7 45. Ra6 Rb2
46. g5 a2 47. Ra7+ Kh8 48. g6 Ne5 1-0

[Event "CYCC U18"]
[Site "Kapuskasing CAN"]
[Date "2003.07.07"]
[Round "1"]
[White "Turner, Scott"]
[Black "Ng, Gary"]
[Result "0-1"]
[WhiteElo "1434"]
[BlackElo "2055"]
[PlyCount "152"]
[EventDate "2003.07.07"]
[EventType "tourn"]
[EventRounds "7"]
[EventCountry "CAN"]

1. Nf3 d5 2. g3 Nf6 3. Bg2 Bf5 4. d4 e6 5. Bg5 Nbd7 6. Nbd2 h6 7. Bf4 c5 8. c3
Rc8 9. O-O Qb6 10. Qb3 Be7 11. h3 O-O 12. Rfe1 cxd4 13. Qxb6 Nxb6 14. Nxd4 Bg6
15. e4 Rfd8 16. Nb5 a6 17. Bc7 Rd7 18. Bxb6 axb5 19. exd5 Nxd5 20. Bd4 b4 21.
c4 Nf6 22. Be3 Ne8 23. b3 Bf6 24. Rad1 Rcd8 25. Bb6 Ra8 26. Ne4 Rxd1 27. Rxd1
Rxa2 28. Rd2 Rxd2 29. Nxd2 Bc2 30. Ba5 Bc3 31. Ne4 b6 32. Bxb6 Bxb3 33. Ba5
Bxc4 34. Nxc3 bxc3 35. Bxc3 Bd5 36. Bf1 Nd6 37. f4 Ne4 38. Be1 Kf8 39. Kg2 g5
40. Kf3 Kg7 41. Bd3 Nd6+ 42. Ke3 f6 43. h4 g4 44. Be2 Nf5+ 45. Kf2 h5 46. Bd3
Nd6 47. Bb4 Nb7 48. Ke3 Nd8 49. Be4 Bxe4 50. Kxe4 f5+ 51. Kd4 Nc6+ 52. Kc5 Nxb4
53. Kxb4 Kf6 54. Kc4 e5 55. fxe5+ Kxe5 56. Kd3 f4 57. Ke2 f3+ 58. Ke3 Kd5 59.
Kd3 Kc5 60. Ke3 Kc4 61. Kf2 Kd3 62. Kf1 Kc2 63. Ke1 Kc1 64. Kf2 Kd1 65. Kf1 f2
66. Kxf2 Kd2 67. Kf1 Ke3 68. Kg2 Ke2 69. Kg1 Kf3 70. Kh2 Kf2 71. Kh1 Kxg3 72.
Kg1 Kxh4 73. Kh2 g3+ 74. Kg1 Kh3 75. Kh1 g2+ 76. Kg1 h4 0-1

[Event "CYCC U18"]
[Site "Kapuskasing CAN"]
[Date "2003.07.07"]
[Round "2"]
[White "Henry, Liam"]
[Black "Turner, Scott"]
[Result "1-0"]
[WhiteElo "1985"]
[BlackElo "1434"]
[PlyCount "51"]
[EventDate "2003.07.07"]
[EventType "tourn"]
[EventRounds "7"]
[EventCountry "CAN"]

1. e4 c5 2. Nf3 d6 3. d4 cxd4 4. Nxd4 Nf6 5. Nc3 a6 6. Bc4 Qc7 7. Bb3 Nc6 8.
O-O g6 9. h3 Bg7 10. Be3 b5 11. Nxc6 Qxc6 12. Bg5 Qc5 13. Be3 Qc7 14. Nd5 Nxd5
15. Qxd5 Bxb2 16. Qxa8 Bxa1 17. Rxa1 O-O 18. Qd5 Bb7 19. Qd4 Rc8 20. Bh6 e5 21.
Qd3 Qe7 22. g3 Kh8 23. Bd2 Re8 24. Bb4 Qd7 25. Qf3 Qxh3 26. Qf6+ 1-0

[Event "CYCC U18"]
[Site "Kapuskasing CAN"]
[Date "2003.07.07"]
[Round "2"]
[White "Ng, Gary"]
[Black "Goodchild, Andrew"]
[Result "1-0"]
[WhiteElo "2055"]
[BlackElo "1317"]
[PlyCount "69"]
[EventDate "2003.07.07"]
[EventType "tourn"]
[EventRounds "7"]
[EventCountry "CAN"]

1. f4 c5 2. b3 Qc7 3. e3 b6 4. Nf3 Ba6 5. Bxa6 Nxa6 6. Bb2 e6 7. O-O Nf6 8. a3
d6 9. Qe2 Nb8 10. d3 Nfd7 11. Nbd2 Nc6 12. e4 f6 13. Rae1 O-O-O 14. d4 cxd4 15.
Nxd4 Nxd4 16. Bxd4 e5 17. Be3 h5 18. a4 Nb8 19. a5 bxa5 20. Ra1 Nc6 21. Ra4 Kd7
22. Nc4 Ke8 23. Rfa1 exf4 24. Bxf4 Nd4 25. Qd3 Ne6 26. Be3 Nc5 27. Bxc5 dxc5
28. Qh3 Qe7 29. Qf5 Kf7 30. Rxa5 Rd4 31. Rxa7 Rd1+ 32. Rxd1 Qxa7 33. Rd7+ Qxd7
34. Qxd7+ Be7 35. Nd6+ 1-0

[Event "CYCC U18"]
[Site "Kapuskasing CAN"]
[Date "2003.07.08"]
[Round "3"]
[White "Barber, Glen"]
[Black "Henry, Liam"]
[Result "0-1"]
[WhiteElo "1816"]
[BlackElo "1985"]
[PlyCount "44"]
[EventDate "2003.07.07"]
[EventType "tourn"]
[EventRounds "7"]
[EventCountry "CAN"]

1. e4 c5 2. Nf3 d6 3. d4 cxd4 4. Nxd4 Nf6 5. Nc3 a6 6. Bc4 e6 7. O-O b5 8. Bb3
Be7 9. Re1 O-O 10. a3 Bb7 11. Kh1 Nbd7 12. f4 Qc7 13. Nf3 Nc5 14. e5 Nfe4 15.
Qd4 dxe5 16. Qxe5 Bd6 17. Qd4 Nxb3 18. cxb3 Bc5 19. Rxe4 Bxd4 20. Rxd4 Bxf3 21.
gxf3 Rfd8 22. Rxd8+ Rxd8 0-1

[Event "CYCC U18 w"]
[Site "Kapuskasing CAN"]
[Date "2003.07.07"]
[Round "1"]
[White "Wang, Yamei"]
[Black "Neumann, Jada"]
[Result "1-0"]
[WhiteElo "2047"]
[BlackElo "1202"]
[PlyCount "61"]
[EventDate "2003.07.07"]
[EventType "tourn"]
[EventRounds "4"]
[EventCountry "CAN"]

1. e4 e5 2. Nf3 Nf6 3. Nxe5 d6 4. Nf3 Nxe4 5. d4 Be7 6. Bd3 Nf6 7. O-O O-O 8.
c4 d5 9. cxd5 Nxd5 10. Nc3 Bg4 11. Qe2 Re8 12. Bxh7+ Kxh7 13. Qe4+ f5 14. Qxd5
Qxd5 15. Nxd5 Na6 16. Nxe7 Rxe7 17. Ne5 Bh5 18. Bf4 Nb4 19. f3 Nd5 20. Bg5 Re6
21. Rac1 b6 22. Nd3 Nf6 23. Nf4 Rd6 24. Bxf6 gxf6 25. Nxh5 Kg6 26. Nf4+ Kg5 27.
g3 Rc8 28. Rfe1 a5 29. Re7 c6 30. Rh7 Rcd8 31. h4# 1-0

[Event "CYCC U18 w"]
[Site "Kapuskasing CAN"]
[Date "2003.07.08"]
[Round "3"]
[White "Kagramanov, Dina"]
[Black "Wang, Yamei"]
[Result "1/2-1/2"]
[WhiteElo "1905"]
[BlackElo "2047"]
[PlyCount "49"]
[EventDate "2003.07.07"]
[EventType "tourn"]
[EventRounds "4"]
[EventCountry "CAN"]
[Source "CFC"]
[SourceDate "2003.08.??"]

1. e4 e5 2. Nf3 Nc6 3. d4 exd4 4. Nxd4 Nf6 5. Nxc6 bxc6 6. e5 Qe7 7. Qe2 Nd5 8.
c4 Ba6 9. b3 g6 10. Bb2 Bg7 11. Qe4 f5 12. Qd4 Nb4 13. Na3 c5 14. Qe3 O-O 15.
f4 Rae8 16. Kf2 d6 17. Re1 Bb7 18. Qd2 a6 19. Bc3 dxe5 20. Bxe5 Bxe5 21. Rxe5
Qh4+ 22. g3 Qg4 23. Be2 Qh3 24. Bf1 Qg4 25. Be2 1/2-1/2

[Event "CYCC U18 w"]
[Site "Kapuskasing CAN"]
[Date "2003.07.09"]
[Round "5"]
[White "Kagramanov, Dina"]
[Black "Wang, Yamei"]
[Result "1-0"]
[WhiteElo "1905"]
[BlackElo "2047"]
[PlyCount "77"]
[EventDate "2003.07.07"]
[EventType "tourn"]
[EventRounds "4"]
[EventCountry "CAN"]
[Source "CFC"]
[SourceDate "2003.08.??"]

1. e4 e5 2. Nf3 Nc6 3. Bc4 Bc5 4. c3 Nf6 5. d3 h6 6. Nbd2 d6 7. h3 O-O 8. Nf1
Bb6 9. Bb3 Ne7 10. Ng3 c6 11. O-O Ng6 12. Re1 Bc7 13. d4 exd4 14. cxd4 Be6 15.
d5 Bd7 16. Nd4 Ne7 17. Nh5 Nxh5 18. Qxh5 c5 19. Nf3 Ng6 20. Bc2 Qf6 21. Nh2
Rae8 22. Ng4 Bxg4 23. Qxg4 Ne5 24. Qg3 Bd8 25. Ba4 Re7 26. Bd2 a6 27. Bc2 b5
28. a4 b4 29. b3 a5 30. f4 Ng6 31. Be3 Rc7 32. e5 dxe5 33. Bxg6 exf4 34. Bxf4
fxg6 35. Bxc7 Qd4+ 36. Kh1 Bh4 37. Qe3 Bxe1 38. Qxd4 cxd4 39. Rxe1 1-0

[Event "CYCC U18 w"]
[Site "Kapuskasing CAN"]
[Date "2003.07.09"]
[Round "6"]
[White "Wang, Yamei"]
[Black "Kagramanov, Dina"]
[Result "1/2-1/2"]
[WhiteElo "2047"]
[BlackElo "1905"]
[PlyCount "53"]
[EventDate "2003.07.07"]
[EventType "tourn"]
[EventRounds "4"]
[EventCountry "CAN"]
[Source "LesEchecs.com"]
[SourceDate "2003.03.18"]

1. e4 c5 2. c3 Nf6 3. e5 Nd5 4. d4 cxd4 5. cxd4 Nc6 6. Nf3 d6 7. Bc4 e6 8. O-O
Nb6 9. Bb3 dxe5 10. dxe5 Qxd1 11. Rxd1 Bd7 12. Be3 Rc8 13. Nc3 Bb4 14. Nb5 a6
15. Nd6+ Bxd6 16. Rxd6 Na8 17. Rad1 Rc7 18. Ba4 b5 19. Bc2 Kd8 20. Ng5 Nxe5 21.
Be4 Ke7 22. Rxa6 Rcc8 23. Bxa8 Rxa8 24. Bc5+ Kf6 25. Ne4+ Kg6 26. Rxa8 Rxa8 27.
Nc3 1/2-1/2

[Event "Calgary CC Summer Active 2"]
[Site "Calgary CAN"]
[Date "2003.07.22"]
[Round "4"]
[White "Kerr, Julia"]
[Black "Chrumka, Jeff"]
[Result "1-0"]
[WhiteElo "1531"]
[BlackElo "2012"]
[PlyCount "61"]
[EventDate "2003.07.22"]
[EventType "swiss (rapid)"]
[EventRounds "5"]
[EventCountry "CAN"]
[Source "CFC"]
[SourceDate "2003.10.??"]

1. d4 e6 2. c4 f5 3. Nc3 Nf6 4. g3 d5 5. Bg2 c6 6. Nh3 Bd6 7. Bf4 O-O 8. Bxd6
Qxd6 9. c5 Qe7 10. Nf4 Ne4 11. Nd3 Nxc3 12. bxc3 Nd7 13. e3 e5 14. Qb3 e4 15.
Nf4 g5 16. Ne2 b5 17. h4 g4 18. a4 bxa4 19. Qxa4 Bb7 20. O-O Rfb8 21. Rfb1 Nf8
22. Nf4 Ne6 23. Nxe6 Qxe6 24. Bf1 Qc8 25. Qa2 Kg7 26. c4 Qe6 27. cxd5 cxd5 28.
Qa5 a6 29. Qc7+ Qf7 30. Qe5+ Kf8 31. c6 1-0

[Event "Calgary CC-ch"]
[Site "Calgary CAN"]
[Date "2003.03.04"]
[Round "1"]
[White "Ghazi, Mohammed"]
[Black "Pivovarov, Juraj"]
[Result "1-0"]
[WhiteElo "1514"]
[BlackElo "1848"]
[PlyCount "215"]
[EventDate "2003.03.04"]
[EventType "swiss"]
[EventRounds "5"]
[EventCountry "CAN"]

1. c4 e5 2. g3 Nc6 3. Bg2 Nf6 4. Nc3 g6 5. d3 Bg7 6. Nf3 O-O 7. O-O d6 8. Bg5
h6 9. Be3 Be6 10. Qd2 Ng4 11. h3 Nxe3 12. fxe3 Qd7 13. Kh2 f5 14. Nh4 g5 15.
Nf3 Rf7 16. Rf2 Raf8 17. Raf1 Ne7 18. e4 Bf6 19. Nd5 Bxd5 20. cxd5 fxe4 21.
dxe4 Ng6 22. Ng1 Kg7 23. Bf3 Bd8 24. Kg2 c5 25. b3 b5 26. Bg4 Rxf2+ 27. Rxf2
Rxf2+ 28. Kxf2 Qf7+ 29. Kg2 Bb6 30. Bf5 Ne7 31. Be6 Qf8 32. e3 Ng8 33. Qe2 Nf6
34. Qxb5 Nxe4 35. Qd7+ Kg6 36. Nf3 c4 37. bxc4 Bxe3 38. g4 Nc5 39. Bf5+ Kf6 40.
Qxa7 Qe7 41. Qb8 e4 42. Ne1 Nd3 43. Nxd3 exd3 44. Qh8+ Qg7 45. Qxg7+ Kxg7 46.
Bxd3 Kf6 47. Kf3 Bb6 48. Ke4 Bg1 49. a4 Ba7 50. Kf3 Ke5 51. Kg3 Kd4 52. Be2 Ke3
53. Bf1 Bd4 54. h4 Ba7 55. a5 Bd4 56. a6 Ba7 57. h5 Bd4 58. Kh2 Kf3 59. Bh3 Kf2
60. Bg2 Ba7 61. Be4 Bd4 62. Kh3 Ke3 63. Bc2 Kd2 64. Ba4 Kd3 65. Bb5 Ke3 66. Kg3
Ba7 67. Kg2 Bd4 68. Kf1 Kf4 69. Bd7 Kf3 70. Ke1 Ke3 71. Kd1 Kd3 72. Ke1 Kxc4
73. Be6 Kd3 74. Kf1 Be3 75. Bd7 Ke4 76. Be6 Kd3 77. Bd7 Ke4 78. Bc6 Kf4 79. Bd7
Ke4 80. Ke2 Ba7 81. Be6 Be3 82. Bd7 Ba7 83. Bc6 Kf4 84. Bd7 Ke4 85. Be6 Be3 86.
Kd1 Kd3 87. Bf5+ Kc4 88. Ke2 Ba7 89. Be6 Kd4 90. Kd2 Bc5 91. Kc2 Kc4 92. Kb2
Kb4 93. Ka2 Bd4 94. Kb1 Kb3 95. Kc1 Kc3 96. Kd1 Kd3 97. Bf5+ Kc3 98. Ke2 Ba7
99. Kf3 Kd4 100. Be6 Bc5 101. Ke2 Ba7 102. Kd2 Bc5 103. Kc2 Ba7 104. Kb3 Bb6
105. Kb4 Ba7 106. Kb5 Bc5 107. Kc6 Ba7 108. Kb7 1-0

[Event "Calgary CC-ch"]
[Site "Calgary CAN"]
[Date "2003.03.04"]
[Round "1"]
[White "Ward, Kevin"]
[Black "Cacho, Belly"]
[Result "1-0"]
[WhiteElo "1681"]
[BlackElo "1985"]
[PlyCount "91"]
[EventDate "2003.03.04"]
[EventType "swiss"]
[EventRounds "5"]
[EventCountry "CAN"]

1. f4 d5 2. Nf3 Nf6 3. b3 Bg4 4. e3 e6 5. Bb2 Ne4 6. c4 Nc6 7. Be2 Bxf3 8. Bxf3
Qh4+ 9. g3 Nxg3 10. hxg3 Qxg3+ 11. Kf1 O-O-O 12. cxd5 exd5 13. Bg4+ Kb8 14. Rh3
Qxh3+ 15. Bxh3 d4 16. Bg2 dxe3 17. Bxc6 bxc6 18. Qc2 exd2 19. Nxd2 h5 20. Rd1
h4 21. Nf3 Rxd1+ 22. Qxd1 h3 23. Be5 Bc5 24. Qc2 Bb6 25. f5 f6 26. Bg3 Kb7 27.
b4 Rd8 28. a4 a5 29. b5 cxb5 30. axb5 Rc8 31. Ng1 c6 32. Qe4 a4 33. bxc6+ Rxc6
34. Ne2 a3 35. Qe7+ Bc7 36. Bxc7 Rxc7 37. Qxa3 Kc6 38. Qxh3 Re7 39. Qd3 Rd7 40.
Qe4+ Kd6 41. Nd4 Re7 42. Ne6 Rd7 43. Kf2 Re7 44. Qd4+ Kc6 45. Qc5+ Kd7 46. Qc7+
1-0

[Event "Calgary CC-ch"]
[Site "Calgary CAN"]
[Date "2003.03.11"]
[Round "2"]
[White "Ward, Kevin"]
[Black "Bentley, Bill"]
[Result "1-0"]
[WhiteElo "1681"]
[BlackElo "1841"]
[PlyCount "79"]
[EventDate "2003.03.04"]
[EventType "swiss"]
[EventRounds "5"]
[EventCountry "CAN"]

1. f4 d5 2. Nf3 Nf6 3. b3 e6 4. Bb2 c5 5. e3 Nc6 6. Be2 Be7 7. O-O O-O 8. a3 b6
9. c4 Bb7 10. Qc2 Rc8 11. Ng5 d4 12. e4 h6 13. Nh3 e5 14. f5 a5 15. Rf3 Nh7 16.
Rg3 Ng5 17. d3 Na7 18. Nd2 Rc7 19. Nf3 Nxf3+ 20. Rxf3 Nc8 21. Raf1 Bf6 22. Bc1
Nd6 23. Bd1 Bc8 24. Qe2 b5 25. Nf2 bxc4 26. bxc4 Bd7 27. Ng4 Kh7 28. Rh3 Rh8
29. Bxh6 gxh6 30. Rxh6+ Kg7 31. Rxh8 Qxh8 32. Rf3 Kf8 33. Qd2 Ra7 34. Rh3 Qg7
35. Nxf6 Qxf6 36. Rh6 Nxe4 37. dxe4 Qg7 38. f6 Qg8 39. Qe2 Ke8 40. Qh5 1-0

[Event "Calgary Tch B 2003.06"]
[Site "Calgary CAN"]
[Date "2003.06.06"]
[Round "2"]
[White "Milne, Arthur"]
[Black "Pivovarov, Juraj"]
[Result "1-0"]
[WhiteElo "1815"]
[BlackElo "1779"]
[PlyCount "79"]
[EventDate "2003.05.27"]
[EventType "team"]
[EventRounds "5"]
[EventCountry "CAN"]

1. e4 c5 2. Nf3 d6 3. Bb5+ Bd7 4. Bxd7+ Qxd7 5. c4 Nc6 6. O-O g6 7. d4 cxd4 8.
Nxd4 Bg7 9. Be3 Nf6 10. f3 O-O 11. Nc3 Rfc8 12. b3 Rd8 13. Qd2 Rac8 14. Rac1 e6
15. Rfd1 a6 16. Nde2 Qe7 17. Bb6 Rd7 18. Nd5 Qf8 19. Nxf6+ Bxf6 20. f4 Bd8 21.
Bc5 Bc7 22. Ba3 Rcd8 23. Qc3 e5 24. fxe5 Nxe5 25. Nf4 Bb6+ 26. Kh1 Bc5 27. Bb2
Re8 28. Nd5 Qg7 29. Rf1 Re6 30. Rf4 f6 31. Rcf1 Rf7 32. Qh3 g5 33. Qxe6 gxf4
34. Rxf4 h5 35. Nxf6+ Kh8 36. Rf5 Qh6 37. h3 Qe3 38. Qe8+ Kg7 39. Qg8+ Kh6 40.
Rxh5# 1-0

[Event "Calgary-ch A"]
[Site "Calgary CAN"]
[Date "2003.01.07"]
[Round "1"]
[White "Ottosen, David"]
[Black "Yearwood, Roy"]
[Result "1/2-1/2"]
[WhiteElo "2034"]
[BlackElo "2090"]
[PlyCount "109"]
[EventDate "2003.01.07"]
[EventType "tourn"]
[EventRounds "7"]
[EventCountry "CAN"]

1. d4 d6 2. c4 Nd7 3. Nf3 c5 4. Nc3 g6 5. e4 Bg7 6. Be3 Ngf6 7. h3 O-O 8. Be2
a6 9. O-O b6 10. e5 Ne8 11. Ne4 Bb7 12. Qc2 cxd4 13. Nxd4 dxe5 14. Nf3 Bxe4 15.
Qxe4 Nd6 16. Qh4 Nf5 17. Qe4 Nxe3 18. Qxe3 Qc7 19. Rad1 Rfd8 20. b3 Qc5 21. Rd5
Qxe3 22. fxe3 Nc5 23. Rfd1 Rxd5 24. Rxd5 f6 25. Nd2 Bh6 26. Kf2 a5 27. Bf3 Ra7
28. Ne4 Nxe4+ 29. Bxe4 f5 30. Rd8+ Kf7 31. Bc6 Rc7 32. Be8+ Kf6 33. Rb8 e4 34.
Rxb6+ e6 35. Ra6 f4 36. exf4 Bxf4 37. Rxa5 e3+ 38. Kf3 e5 39. g3 e4+ 40. Ke2
Bh6 41. Rd5 Ke6 42. Rd1 Ke5 43. a4 Rc8 44. Bb5 Rf8 45. c5 Rf2+ 46. Ke1 Bf8 47.
Rc1 Kd4 48. Rc4+ Kd3 49. c6 Bd6 50. Rc1+ Kd4 51. Rd1+ Ke5 52. Rc1 Bb4+ 53. Kd1
Rd2+ 54. Ke1 Rf2+ 55. Kd1 1/2-1/2

[Event "Calgary-ch A"]
[Site "Calgary CAN"]
[Date "2003.01.12"]
[Round "2"]
[White "Daniluk, Jim"]
[Black "Ottosen, David"]
[Result "0-1"]
[WhiteElo "1959"]
[BlackElo "2035"]
[PlyCount "62"]
[EventDate "2003.01.07"]
[EventType "tourn"]
[EventRounds "7"]
[EventCountry "CAN"]

1. d4 d5 2. Nf3 c6 3. c4 Nf6 4. g3 e6 5. Bg2 Bd6 6. O-O O-O 7. Nbd2 Nbd7 8. Qc2
Re8 9. e4 dxe4 10. Ng5 e5 11. Ndxe4 Bc7 12. d5 cxd5 13. cxd5 h6 14. d6 Bb6 15.
Nxf6+ Nxf6 16. Ne4 Nxe4 17. Bxe4 Qxd6 18. Rd1 Qf6 19. Be3 Bg4 20. Rf1 Rac8 21.
Qb3 Be6 22. Qa4 Qe7 23. Bxb6 axb6 24. Qa7 Qb4 25. Bg2 Rc2 26. a3 Qxb2 27. Rab1
Qa2 28. Ra1 Qb2 29. Rfb1 Qd4 30. Qxb6 Rc1+ 31. Bf1 Qxb6 0-1

[Event "Calgary-ch A"]
[Site "Calgary CAN"]
[Date "2003.01.21"]
[Round "3"]
[White "Ottosen, David"]
[Black "Eshleman, Brandon"]
[Result "1-0"]
[WhiteElo "2034"]
[BlackElo "1950"]
[PlyCount "123"]
[EventDate "2003.01.07"]
[EventType "tourn"]
[EventRounds "7"]
[EventCountry "CAN"]

1. e4 e5 2. Nf3 Nc6 3. Bc4 Nf6 4. d4 exd4 5. O-O Nxe4 6. Re1 d5 7. Bxd5 Qxd5 8.
Nc3 Qa5 9. Rxe4+ Be6 10. Nxd4 O-O-O 11. Be3 Bc5 12. Qh5 Nxd4 13. Bxd4 Bb6 14.
Qxa5 Bxa5 15. Bxg7 Rhg8 16. Bh6 Bxc3 17. bxc3 Bd5 18. Rh4 Rxg2+ 19. Kf1 Rdg8
20. Ke2 Re8+ 21. Be3 f5 22. Rd1 Bc6 23. Rdd4 Rg7 24. Kd2 Re5 25. Rh6 Ra5 26.
Rf6 Rg8 27. Rf7 Rd8 28. Rxh7 Rxa2 29. Bf4 Rxd4+ 30. cxd4 Be4 31. Rxc7+ Kd8 32.
h4 Bf3 33. Ke3 Ra3+ 34. c3 Bh5 35. Kd3 b5 36. Rh7 Bf3 37. Bd6 Be4+ 38. Kd2 Ra2+
39. Ke3 Bb1 40. Rg7 Ra6 41. Bc5 Re6+ 42. Kd2 a5 43. Rb7 b4 44. cxb4 axb4 45.
Bxb4 Be4 46. Ra7 Bf3 47. Ra5 Re2+ 48. Kd3 Re6 49. Kc4 Be2+ 50. Kd5 Rh6 51. Ra7
Ke8 52. Re7+ Kd8 53. Rxe2 Kc8 54. Be7 Kd7 55. Bg5 Rd6+ 56. Kc4 Rc6+ 57. Kd3 Rg6
58. f4 Rg8 59. h5 Ra8 60. h6 Ra3+ 61. Kc4 Rh3 62. Re7+ 1-0

[Event "Calgary-ch A"]
[Site "Calgary CAN"]
[Date "2003.02.05"]
[Round "4"]
[White "Ottosen, David"]
[Black "Van Ieperen, Taco"]
[Result "0-1"]
[WhiteElo "2034"]
[BlackElo "2025"]
[PlyCount "60"]
[EventDate "2003.01.07"]
[EventType "tourn"]
[EventRounds "7"]
[EventCountry "CAN"]

1. d4 Nf6 2. Bg5 e6 3. e3 c5 4. c3 Nc6 5. f4 b6 6. Bd3 Bb7 7. Nf3 Qc7 8. Bxf6
gxf6 9. O-O O-O-O 10. Nbd2 h5 11. Ne4 d5 12. Nf2 e5 13. Bf5+ Kb8 14. Nh3 e4 15.
Nh4 Ne7 16. Nf2 Nxf5 17. Nxf5 h4 18. g3 hxg3 19. Nxg3 Bc8 20. a4 Bd6 21. a5 b5
22. Qe2 c4 23. b3 Rdg8 24. bxc4 bxc4 25. Rfb1+ Ka8 26. Rb5 Bxf4 27. exf4 Qxf4
28. Rab1 Rxg3+ 29. hxg3 Qxg3+ 30. Kf1 Rh1+ 0-1

[Event "Calgary-ch A"]
[Site "Calgary CAN"]
[Date "2003.02.11"]
[Round "5"]
[White "Ristovic, Nenad"]
[Black "Ottosen, David"]
[Result "1-0"]
[WhiteElo "2310"]
[BlackElo "2035"]
[PlyCount "65"]
[EventDate "2003.01.07"]
[EventType "tourn"]
[EventRounds "7"]
[EventCountry "CAN"]

1. d4 d5 2. c4 Nc6 3. cxd5 Qxd5 4. Nf3 e5 5. Nc3 Bb4 6. Bd2 Bxc3 7. Bxc3 e4 8.
Ng1 Nf6 9. e3 Qg5 10. b3 Nd5 11. Bb2 Bg4 12. Qd2 O-O 13. a3 Kh8 14. g3 f5 15.
Rc1 Rad8 16. Bg2 Na5 17. Qxa5 Nxe3 18. Bh3 Rxd4 19. Bxg4 Nxg4 20. Rxc7 b6 21.
Qc3 Rfd8 22. Qxd4 Rxd4 23. Bxd4 Qd8 24. Rxa7 h5 25. Ne2 Nf6 26. O-O Qb8 27. Re7
Qd6 28. Rb7 Nd7 29. Rc1 Ne5 30. Bxe5 Qxe5 31. Nf4 Qb2 32. Rc8+ Kh7 33. Rcc7 1-0

[Event "Calgary-ch A"]
[Site "Calgary CAN"]
[Date "2003.02.11"]
[Round "6"]
[White "Ottosen, David"]
[Black "Hinds, Ronald"]
[Result "1/2-1/2"]
[WhiteElo "2035"]
[BlackElo "2000"]
[PlyCount "68"]
[EventDate "2003.01.07"]
[EventType "tourn"]
[EventRounds "7"]
[EventCountry "CAN"]

1. e4 c5 2. Nf3 e6 3. d4 cxd4 4. Nxd4 Nf6 5. Nc3 d6 6. Be3 a6 7. g4 h6 8. f3 b5
9. Qd2 Nbd7 10. h4 Bb7 11. Rg1 b4 12. Nd5 Nxd5 13. exd5 Bxd5 14. g5 hxg5 15.
hxg5 Ne5 16. f4 Nf3+ 17. Nxf3 Bxf3 18. Qxb4 d5 19. Qb7 Be7 20. Rg3 Be4 21.
O-O-O Qc8 22. Qxc8+ Rxc8 23. c3 Rc6 24. Bd4 f6 25. Bd3 Bd6 26. Rf1 Bxd3 27.
Rxd3 Rh4 28. gxf6 gxf6 29. Bxf6 Rxf4 30. Rdf3 Rcc4 31. Kd2 Rxf3 32. Rxf3 Rf4
33. Rxf4 Bxf4+ 34. Kd3 Kd7 1/2-1/2